Statistics for Froligarchy Channel Naming

Click here to take the quiz!

General Stats

  • This quiz has been taken 3 times
  • The average score is 100 of 307

Answer Stats

HintAnswer% Correct
genereal thingscorona-journal
100%
groovygroovy
100%
quotespics
100%
Cursed categorypoizoni-journal
100%
quotesquotes
100%
quotesquotes-2
100%
quotesquotes-3
100%
quotesquotes-4
100%
quotesquotes-5
100%
quotesquotes-6
100%
quotesquotes-7
100%
quotesquotes-8
100%
quotesquotes-9
100%
server eventsserver-olympics
100%
genereal thingsskewl-discussion
100%
Southern Queen’s Salonsouthern-queens-salon
100%
genereal thingszzwhoops-corona-journal
100%
Welcomesannouncements
67%
The Astarian Clansastarla
67%
groovycatholic-church
67%
Cursed categorycats
67%
Adminchamber-of-the-froligarchs
67%
random stuffscoding-channel
67%
commandscommand-center
67%
groovycompetition-discussion
67%
virajer when he dodgerconnor-in-viraj
67%
Fun Botsdank-memer
67%
Fun Botsdank-memer-2
67%
Fun Botsdank-memer-3
67%
policebot round 2dank-memer-prestige-temp
67%
random stuffsdating-advice
67%
Cursed categorydogs
67%
spam/afkdomain-of-sam
67%
emojis and suchemoji-and-sticker-suggestions
67%
ethan leeconomyethanbot-requests
67%
Ethanian Confederationethanian-history
67%
the desliconsethan-rpg-bot
67%
spam/afkethans-insane-announcement
67%
Ethanian Confederationfoxsake
67%
deathgangbanging-ethan-poggies
67%
Ethanian Confederationgayington
67%
genereal thingsgenereal-disease
67%
groovygroovy-two
67%
Samitiaitranggia
67%
deathkilling-sam
67%
Welcomeslong-overdue-rankup-channel
67%
genereal thingsmemes
67%
Gamingminecraft
67%
genereal thingsnuclear-warfare-preparation
67%
genereal thingsparsfuk
67%
genereal thingspping
67%
Adminprivate
67%
groovyprotesting-church
67%
quotesquotes-12
67%
quotesquotes-one-teen
67%
quotesquotes-the-tenth
67%
commandsrank-check
67%
Rayaanrayaan-10
67%
Rayaanrayaan-11
67%
Rayaanrayaan-12
67%
Rayaanrayaan-2
67%
Rayaanrayaan-3
67%
Rayaanrayaan-5
67%
Rayaanrayaan-6
67%
Rayaanrayaan-7
67%
Rayaanrayaan-8
67%
Rayaanrayaan-9
67%
Rayaanrayaan-prime
67%
genereal thingsrealpolitik-discussion
67%
genereal thingsrequests
67%
the hyperboreansrevia
67%
Samitiasamitia-proper
67%
Samitiasams-private-shit
67%
schedulesschedules
67%
Welcomesserver-history
67%
server eventsserver-olympics-media
67%
genereal thingsserver-policy
67%
spam/afkspam
67%
server eventsteam-fame
67%
server eventsteam-glory
67%
genereal thingsthingy
67%
server eventstrivia-shit
67%
virajer when he dodgerviraj-but-he-cannot-dodge
67%
virajer when he dodgerviraj-general
67%
j̶a̶m̶ b̶i̶t̶c̶h̶wasteland
67%
Welcomeswelcomes-invite-proposals
67%
the wyonilanderswyoniland
67%
server eventsyggdrasil
67%
kingdom of zakryayzacc-rpg-bot
67%
kingdom of zakryayzakryay
67%
kingdom of zakryayzakryayan-history
67%
Fun Botsakinator
33%
Gamingalbion-online
33%
hall of quotesa-poggers-quotes
33%
spam/afkasscheek
33%
Andy, the Demonastaroths-dukedom
33%
Gamingbeat-saber
33%
the boogeldiboogeldi-names
33%
genereal thingsboris-johnson-shitposts
33%
server eventsbrowser-olympiad
33%
Samitiacalfulion
33%
connor aka antivirajchinese-propoganda
33%
random stuffscoding-nerd-channel
33%
deathconnor-concat-death
33%
connor aka antivirajconnors-shitpost-emporium
33%
Fun Botscontanminated-yggdrasil-channel
33%
Cursed categorycp-channel
33%
connor aka antivirajdaily-connor-veggiefacts
33%
deatheating-jam-alive
33%
Samitiaeelondiun
33%
emojis and suchemoji-bank
33%
emojis and suchemoji-purges
33%
the boogeldiempire-of-boldestinra
33%
spam/afkethan-discussion
33%
Ethanian Confederationethanian-names-because-i-keep-forgetting
33%
Ethanian Confederationethan-rpg-bot-2
33%
Channel Archiveethan-sam-competition
33%
ethan leeconomyethan-tokens-and-coins
33%
Samitiafestolin
33%
Samitiaflubberland
33%
Shvedskafraternal-infidels
33%
genereal thingsfuck-you
33%
Gaminggaming-general
33%
Ethanian Confederationgarassmibols
33%
server eventsgeneral-server-events
33%
genereal thingsgenshin-impact-on-your-wallet
33%
the boogeldigilliad-1
33%
the boogeldigilliad-2
33%
the boogeldigilliad-3
33%
the boogeldigilliad-4
33%
the boogeldigilliad-5
33%
Channel Archivehalloweening
33%
Cursed categoryhorny-jail
33%
Samitiaingritsford
33%
Samitiaistolnifurin
33%
j̶a̶m̶ b̶i̶t̶c̶h̶ja-mes-rpg-bot
33%
spam/afkja-mes-spam
33%
genereal thingslobsters-frogs-and-coggers
33%
Adminlogger
33%
Andy, the Demonlucifers-dukedom
33%
connor aka antivirajmovies-tv-games
33%
the desliconsnayvalla
33%
Channel Archiveneeeeerd-stuff
33%
The Floridamennew-floridonia
33%
Welcomesodro-sponsored-gender-neutral-bathrooms
33%
genereal thingsonly-gifs
33%
Gamingosu-ffering
33%
Cursed categorypoi-announce
33%
virajer when he dodgerpoint-of-viraj
33%
the desliconsponaroma
33%
quotesquotes-9-2-electric-boogaloo
33%
Channel Archiverandom-other-server-events
33%
virajer when he dodgerrap-battle-mostly-viraj
33%
Rayaanrayaan-use-4-civil-discourse
33%
genereal thingsreminder-channel
33%
Samitiarospiciaf
33%
rpgrpg-announcements
33%
Samitiasam-apostrophe-s-rpg-bot
33%
Samitiasamite-history
33%
Samitiasamite-names
33%
Samitiasamite-names-because-i-keep-forgetting
33%
server eventsserver-olympics-information
33%
quotesshower-thoughts
33%
Samitiasikthyotolor
33%
Andy, the Demonskeleton-faction
33%
Channel Archivesouth-garassmibols
33%
hall of quotesss-grand-hall-candidates
33%
quotesstroke-moments-cough-ethan
33%
quotesstroke-moments-cough-ethan-2
33%
quotesstroke-moments-cough-ethan-3
33%
Channel Archivestudy-group
33%
hall of quotess-war-crime-quotes
33%
j̶a̶m̶ b̶i̶t̶c̶h̶switzerstan
33%
the desliconstarmazenon
33%
kingdom of zakryaytekhera
33%
Ethanian Confederationthe-hall-of-confederators
33%
the hyperboreansthe-hyperboreans
33%
connor aka antivirajthe-power-of-the-atom
33%
hall of quotestop-sneaky
33%
genereal thingstribunals
33%
kingdom of zakryaytritai-and-necroroth
33%
Andy, the Demontrollnorc-faction
33%
Channel Archivetts
33%
Fun Botsuserphone-speakerphone
33%
Channel Archivevideos
33%
connor aka antivirajviraj-in-connor
33%
virajer when he dodgerviroge-dreams
33%
Cursed categoryvore-catch-all
33%
quoteswhat-are-the-khankes
33%
quoteswhat-are-the-khankes-2
33%
quoteswhat-are-the-khankes-3
33%
Samitiayipsen-x-jinksen-the-duality-of-man
33%
groovy1k-pp-spodrorun
0%
groovy1v1-pog
0%
Andy, the Demonabracadabra-alkarin-is-now-dead-use-this-for-rpg-bot-commands
0%
Shvedskaall-war-is-civil-war
0%
groovyancient-mesopotamia
0%
Channel Archiveandeth-galleryd
0%
Channel Archiveandrew-and-will-feud
0%
groovyandy-goes-furry-modro
0%
Channel Archiveargue-about-shit-here
0%
The Astarian Clansastarian-history
0%
j̶a̶m̶ b̶i̶t̶c̶h̶avvorus-x-asedan_undying-avarice
0%
Ethanian Confederationbasokia
0%
Andy, the Demonbeelzebubs-dukedom
0%
rpgbig-calendar
0%
rpgblack-market
0%
Andy, the Demonbrainstorm
0%
Gamingbrawlhalla
0%
rpgbreeding-guide
0%
Fun Botscards-against-humanity
0%
Channel Archivechannel-descriptions
0%
Channel Archivechannel-stats
0%
Cursed categorychat-agents
0%
server eventscomm-treasure-hunt
0%
connor aka antivirajconnors-journal
0%
groovycrank-that-soulja-boy
0%
Channel Archivecummies-spam-before-its-deleted
0%
server eventsdeathbattle-tournament
0%
Andy, the Demondemon-capitol
0%
Channel Archivedoctor-who-discussiono
0%
spam/afkegg-channel
0%
groovyegg-crimes
0%
Cursed categoryellie-relationship-advice
0%
Cursed categoryellie-relationship-advice-wasteland
0%
emojis and suchemoji-guidebook-v1
0%
ethan leeconomyethanbot-todo-list
0%
Gamingethans-civ6-and-eu4-stuff-that-no1-cares-about
0%
rpgexploration-colonization
0%
the desliconseziataya
0%
Channel Archivefree-period
0%
Channel Archivefriends-with-benefits-sim
0%
groovyfuck-academic-integrity
0%
Cursed categoryfucked-up-sex-surveys
0%
Cursed categoryfurry-shit
0%
Samitiageneral-samite-stuff
0%
Cursed categorygeneral-willphilthefisher-discussion
0%
Channel Archivehave-fun-tmrr
0%
Shvedskaheavenly-community
0%
quoteshehehe-any-roll-funny
0%
Ethanian Confederationhelpers-guild
0%
hall of quoteshistorically-significant-quotes
0%
rpghistory
0%
j̶a̶m̶ b̶i̶t̶c̶h̶ideas
0%
Channel Archiveimpress-me-demoted-modroators
0%
rpginternational-trade
0%
Channel Archiveinvites-promotions
0%
groovyjam-tortures-zacc
0%
Shvedskakingdom-of-shvedska
0%
groovylay-down-your-arms
0%
quoteslmao-teacher-quotes
0%
quoteslook-at-this-idiot
0%
virajer when he dodgerluca-in-viraj
0%
rpgmagical-beast-introductions
0%
hall of quotesmassive-quote-list
0%
rpgmilitary-population-change
0%
random stuffsmuted
0%
Andy, the Demonneutral-land
0%
Channel Archivenew-competition-of-some-sort
0%
kingdom of zakryayoccultist-pictures
0%
Channel Archiveonion-syndicate
0%
Channel Archiveparedes-parade
0%
genereal thingspoizoni-snow-forecast
0%
rpgpopulation-change
0%
quotespre-quotes-era
0%
Adminprivate-voice
0%
Ethanian Confederationprospitoya
0%
quotesquotes-wasteland
0%
rpgrandom-shit
0%
Cursed categoryrelationship-advice-but-mostly-bdsm-discussion
0%
genereal thingsrpg-bot-stuff-when-youre-too-lazy-to-scroll-down-but-also-read-description
0%
spam/afksemicolon
0%
Shvedskashvedska-names
0%
Andy, the Demonspecter-faction
0%
groovystaff
0%
genereal thingsstonks
0%
Andy, the Demonsuccubus-faction
0%
Southern Queen’s SalonThe Queen’s Kitchen
0%
Andy, the Demontimeline
0%
groovytournament-ig
0%
Cursed categorytrap-discussion
0%
kingdom of zakryaytritai-x-necroroth-constant-craving
0%
server eventstrivia-shit-non-admin
0%
server eventstrivia-teams
0%
Andy, the Demonunderworld
0%
Andy, the Demonunderworld-beasts
0%
Andy, the Demonunderworld-resources
0%
rpgunited-nations-of-rpg-channels
0%
Andy, the Demonvampire-faction
0%
random stuffsventing
0%
virajer when he dodgerviraj-fisik-class-torqueture
0%
virajer when he dodgerviraj-murder-land
0%
virajer when he dodgerviraj-professional-announcements-for-club-or-other-things-a-semi-serious-channel
0%
virajer when he dodgerviroge-private-parts
0%
virajer when he dodgerviroge-tales
0%
Channel Archivewar-and-peace-program-test-so-i-can-spam-it-in-princeton-place
0%
the desliconswar-updates
0%
Cursed categorywill-girlfriends-advice
0%
Cursed categorywill-therapy-channel
0%
Channel Archiveyggdrasil-worldbuilding-shipso
0%
kingdom of zakryayzakryayan-names
0%

Score Distribution

Percentile by Number Answered

Percent of People with Each Score

Your Score History

You have not taken this quiz